Clic A quelle maison appartiennent ces souverains britanniques ? - Statistiques

Statistiques générales
  • Ce quiz a été pris 19 fois
  • Le résultat moyen est 7 sur 13
Statistiques - réponses
Hint Explanation Réponse % Correct
George VI + en 1952 Windsor
88%
Elisabeth II + en 2022 Windsor
88%
Charles III Windsor
65%
George V + en 1936 Windsor
65%
George III + en 1820 Hanovre
47%
Guillaume IV + en 1837 Hanovre
47%
George II + en 1760 Hanovre
47%
Anne + en 1714 Stuart
47%
Edouard VIII + en 1972 Windsor
47%
George 1er + en 1727 Hanovre
41%
George IV + en 1830 Hanovre
35%
Victoria + en 1901 Hanovre
35%
Edouard VII + en 1910 Hanovre
29%
Aucun quiz correspondant
Distribution des résultats
% des personnes avec chaque résultat
Percentile par nombre de réponses
Votre historique - résultats
Vous n’avez pas pris ce quiz